| 000 | 01062cam a22003135a 4500 | ||
|---|---|---|---|
| 001 | 4979319 | ||
| 005 | 20201128023615.0 | ||
| 008 | 980309s2011 enka frbd f001 0 eng d | ||
| 020 | _a052163041X (hardback) | ||
| 020 | _a0521639565 (paperback) | ||
| 020 | _a9780521639569 | ||
| 040 |
_aDLC _cDLC _dDLC _beng _dEG-ScBUE |
||
| 082 | 0 | 4 |
_a660.2 _222 _bDUN |
| 100 | 1 |
_aDuncan, T. Michael. _938698 |
|
| 245 | 1 | 0 |
_aChemical engineering design and analysis : _ban introduction / _cT. Michael Duncan and Jeffrey A. Reimer. |
| 250 | _a10th printing ed. | ||
| 260 |
_aCambridge ; _aNew York : _bCambridge University Press, _c2011. |
||
| 300 |
_axiv, 380 p. : _bill. ; _c26 cm. |
||
| 490 | 0 | _aCambridge series in chemical engineering | |
| 500 | _aGlossary : p. 368-373. | ||
| 500 | _aIndex : p. 375-380. | ||
| 504 | _aIncludes bibliographical references. | ||
| 650 | 7 |
_aChemical engineering. _2BUEsh _91062 |
|
| 651 | _2BUEsh | ||
| 653 |
_bENGCHE _cNovember2015 |
||
| 655 |
_vReading book _934232 |
||
| 700 | 1 |
_aReimer, Jeffrey A. _q(Jeffrey Allen) |
|
| 942 | _2ddc | ||
| 999 |
_c21010 _d20982 |
||